La Alcalá prehistórica (Record no. 177251)
[ view plain ]
| 000 -LEADER | |
|---|---|
| campo de control de longitud fija | 00888nam a22002295i 4500 |
| 001 - NÚMERO DE CONTROL | |
| campo de control | 177251 |
| 003 - IDENTIFICADOR DE NÚMERO DE CONTROL | |
| campo de control | ES-MaACL |
| 005 - FECHA Y HORA DE LA ÚLTIMA TRANSACCIÓN | |
| campo de control | 20230906220304.0 |
| 008 - DATOS DE LONGITUD FIJA--INFORMACIÓN GENERAL | |
| campo de control de longitud fija | 110310s2002 sp ao |||| | spa d |
| 020 ## - NÚMERO INTERNACIONAL ESTÁNDAR DEL LIBRO | |
| Número Internacional Estándar del Libro | 84-95011-38-7 |
| 080 ## - NÚMERO DE LA CLASIFICACIÓN DECIMAL UNIVERSAL | |
| Número de la Clasificación Decimal Universal | 903(460.27 Alcalá de Henares) |
| 100 1# - ENTRADA PRINCIPAL--NOMBRE DE PERSONA | |
| Nombre de persona | Macarro Rodríguez, José Antonio. |
| 9 (RLIN) | 145541 |
| 245 13 - MENCIÓN DEL TÍTULO | |
| Título | La Alcalá prehistórica |
| Resto del título | : el poblado de la Edad del Bronce de "La Dehesa" : _ circa duo milia annorum ante Complutum conditum / |
| Mención de responsabilidad, etc. | José Antonio Macarro Rodríguez. |
| 260 ## - PUBLICACIÓN, DISTRIBUCIÓN, ETC. | |
| Lugar de publicación, distribución, etc. | Alcalá de Henares : |
| Nombre del editor, distribuidor, etc. | Fundación Colegio del Rey, |
| Fecha de publicación, distribución, etc. | D. L. 2002. |
| 300 ## - DESCRIPCIÓN FÍSICA | |
| Extensión | 330 p. : |
| Otras características físicas | il. bl. y n. ; |
| Dimensiones | 21 cm. |
| 490 1# - MENCIÓN DE SERIE | |
| Mención de serie | Alcalá-Ensayo ; |
| Designación de volumen o secuencia | 18 |
| 504 ## - NOTA DE BIBLIOGRAFÍA, ETC. | |
| Nota de bibliografía, etc. | Bibliografía: p. 279-321. |
| 651 #4 - PUNTO DE ACCESO ADICIONAL DE MATERIA--NOMBRE GEOGRÁFICO | |
| Nombre geográfico | Alcalá de Henares- |
| Subdivisión general | Restos arqueológicos. |
| 9 (RLIN) | 7649 |
| 830 0# - PUNTO DE ACCESO ADICIONAL DE SERIE-TÍTULO UNIFORME | |
| Título uniforme | Alcalá-Ensayo ; |
| Designación de volumen o secuencia | 18 |
| 9 (RLIN) | 185763 |
| 852 ## - LOCALIZACIÓN | |
| Ubicación | ES-MaACL |
| Número de control de estantería | E-14659 |
| Estatus retirado | Estado de pérdida | Estado de daño | No para préstamo | Biblioteca de origen | Biblioteca actual | Ubicación en estantería | Fecha de adquisición | Fuente de adquisición | Total de préstamos | Signatura topográfica completa | Código de barras | Visto por última vez | Precio de reemplazo | Tipo de ítem Koha |
|---|---|---|---|---|---|---|---|---|---|---|---|---|---|---|
| Biblioteca del Ateneo de Madrid | Biblioteca del Ateneo de Madrid | Depósito 2 | 10/03/2011 | E-14659 | 1186160 | 23/02/2023 | 23/02/2023 | Libro impreso |
